Gorbachev's Russia / (Record no. 7380)

MARC details
000 -LEADER
campo de control de longitud fija 00607nam a2200205 i 4500
001 - NÚMERO DE CONTROL
campo de control 7380
003 - IDENTIFICADOR DE NÚMERO DE CONTROL
campo de control ES-MaACL
005 - FECHA Y HORA DE LA ÚLTIMA TRANSACCIÓN
campo de control 20230906145225.0
008 - DATOS DE LONGITUD FIJA--INFORMACIÓN GENERAL
campo de control de longitud fija 901218s1989 xxu ||||1| eng d
020 ## - NÚMERO INTERNACIONAL ESTÁNDAR DEL LIBRO
Número Internacional Estándar del Libro 0-394-75971-0
080 ## - NÚMERO DE LA CLASIFICACIÓN DECIMAL UNIVERSAL
Número de la Clasificación Decimal Universal 32(47)"1985/..."
100 1# - ENTRADA PRINCIPAL--NOMBRE DE PERSONA
Nombre de persona Kerblay, Basile.
9 (RLIN) 67886
245 10 - MENCIÓN DEL TÍTULO
Título Gorbachev's Russia /
Mención de responsabilidad, etc. Basile Kerblay ; translated by Rupert Swyer.
250 ## - MENCION DE EDICION
Mención de edición 1st ed.
260 ## - PUBLICACIÓN, DISTRIBUCIÓN, ETC.
Lugar de publicación, distribución, etc. New York :
Nombre del editor, distribuidor, etc. Pantheon Books,
Fecha de publicación, distribución, etc. 1989.
300 ## - DESCRIPCIÓN FÍSICA
Extensión 175 p. ;
Dimensiones 21 cm.
651 #4 - PUNTO DE ACCESO ADICIONAL DE MATERIA--NOMBRE GEOGRÁFICO
Nombre geográfico URSS-
Subdivisión general Política y gobierno-
Subdivisión cronológica 1985-1991.
9 (RLIN) 9483
700 1# - ENTRADA AGREGADA--NOMBRE PERSONAL
Nombre de persona Swyer, Rupert.
9 (RLIN) 108954
852 ## - LOCALIZACIÓN
Ubicación ES-MaACL
Número de control de estantería L-14675
Holdings
Estatus retirado Estado de pérdida Estado de daño No para préstamo Biblioteca de origen Biblioteca actual Ubicación en estantería Fecha de adquisición Fuente de adquisición Total de préstamos Signatura topográfica completa Código de barras Visto por última vez Precio de reemplazo Tipo de ítem Koha
        Biblioteca del Ateneo de Madrid Biblioteca del Ateneo de Madrid Depósito 2 17/01/2008     L-14675 1007527 23/02/2023 23/02/2023 Libro impreso